Thirteen superhero novels Quiz Stats

 Plays Quiz not verified by Sporcle

Challenge
Share
Tweet
Embed
Score 0/13 Timer 08:00
0 Plays Today
Author (Year) Title % Correct
Grossman (2007)Soon I Will Be Invincible
71.4%
Mayer (1976)Superfolks
28.6%
Lethem (2002)The Fortress of Solitude
28.6%
Munroe (1999)Flyboy Action Figure Comes with Gasmask
14.3%
Moore (2007)Hero
14.3%
Bishop (1992)Count Geiger's Blues
0%
Petit (2002)Other People's Heroes
0%
Maxey (2003)Nobody Gets the Girl
0%
Ridley (2003)Those Who Walk in Darkness
0%
Selznick (2005)Brave Men Run
0%
Faust (2007)From the Notebooks of Dr. Brain
0%
Estep (2007)Karma Girl
0%
Rogers (2008)Devil's Cape
0%

You're not logged in!

Compare scores with friends on all Sporcle quizzes.
Join for Free
OR
Log In

You Might Also Like...

Show Comments

Extras

Top Quizzes Today


Score Distribution

Your Account Isn't Verified!

In order to create a playlist on Sporcle, you need to verify the email address you used during registration. Go to your Sporcle Settings to finish the process.

Report this User

Report this user for behavior that violates our Community Guidelines.

Details: